[Event "Berlin Eckbauer op 14th"]
[Site "Berlin"]
[Date "2011.11.28"]
[Round "7.6"]
[White "Schnell, Felix"]
[Black "Daverkausen, Bernd"]
[Result "1-0"]
[WhiteElo "1846"]
[BlackElo "2218"]
[PlyCount "53"]
[EventDate "2011.10.17"]
[EventType "swiss"]
[EventRounds "7"]
[EventCountry "GER"]
[SourceTitle "EXT 2022"]
[Source "ChessBase"]
[SourceDate "2021.10.06"]
[SourceVersion "1"]
[SourceVersionDate "2021.10.06"]
[SourceQuality "1"]

1. Nf3 Nf6 2. c4 g6 3. Nc3 Bg7 4. g3 0-0 5. Bg2 d6 6. 0-0 e5 7. d3 c6 8. Rb1 a5 9. a3 Re8 10. Bg5 h6 11. Bxf6 Bxf6 12. Nd2 Na6 13. b4 axb4 14. axb4 Nc7 15. b5 Bd7 16. bxc6 bxc6 17. Rb6 Ra3 18. Qc1 Qa8 19. Nb5 Nxb5 20. cxb5 d5 21. bxc6 Be6 22. c7 Ra2 23. Nc4 Ra6 24. Qb1 Rc8 25. Rb8 Qc6 26. Rxc8+ Bxc8 27. Qb8 1-0

[Event "Berlin Eckbauer op 14th"]
[Site "Berlin"]
[Date "2011.11.14"]
[Round "5.12"]
[White "Schnell, Felix"]
[Black "Koenig, Frank"]
[Result "1/2-1/2"]
[WhiteElo "1846"]
[BlackElo "1979"]
[PlyCount "118"]
[EventDate "2011.10.17"]
[EventType "swiss"]
[EventRounds "7"]
[EventCountry "GER"]
[SourceTitle "EXT 2022"]
[Source "ChessBase"]
[SourceDate "2021.10.06"]
[SourceVersion "1"]
[SourceVersionDate "2021.10.06"]
[SourceQuality "1"]

1. Nf3 Nf6 2. d4 g6 3. Bg5 Bg7 4. Nbd2 0-0 5. c3 d6 6. e4 Nbd7 7. Bc4 c5 8. dxc5 Nxc5 9. Qe2 Be6 10. Bxe6 Nxe6 11. 0-0 Nxg5 12. Nxg5 h6 13. Ngf3 Nh5 14. Qe3 Qa5 15. a4 Qc5 16. Qxc5 dxc5 17. Rfd1 Rfd8 18. Nc4 Nf4 19. Ne1 b6 20. g3 Ne6 21. Kg2 Rab8 22. Nc2 a6 23. Rxd8+ Nxd8 24. Rd1 b5 25. axb5 axb5 26. Nb6 Ne6 27. Nd5 Kf8 28. Ra1 Nd8 29. Ra5 Nc6 30. Ra6 Ne5 31. Nc7 Nd3 32. Nxb5 e6 33. c4 Nxb2 34. Rc6 Nxc4 35. Rxc5 Nd2 36. Nd6 Ke7 37. e5 Bxe5 38. Nxf7 Bxg3 39. Nxh6 Bxf2 40. Rc7+ Kd6 41. Rg7 Bc5 42. Rxg6 Rf8 43. Ng4 Nc4 44. Ne1 Ne3+ 45. Nxe3 Bxe3 46. Nf3 Kd5 47. h4 e5 48. Rg7 e4 49. Ng5 Bxg5 50. hxg5 Ke6 51. Ra7 Rf5 52. Ra6+ Ke5 53. g6 Rg5+ 54. Kf2 Kf5 55. Ke3 Rg3+ 56. Kf2 Rxg6 57. Rxg6 Kxg6 58. Ke3 Kf5 59. Ke2 Kf4 1/2-1/2